LIBRARY & INFORMATION CENTRE, KCAET, TAVANUR

ONLINE PUBLIC ACCESS CATALOGUE (OPAC)

Feet of bapu / (Record no. 2534)

MARC details
000 -LEADER
fixed length control field 00439cam a2200181ua 4500
041 ## - LANGUAGE CODE
Language code of text/sound track or separate title eng
082 ## - DEWEY DECIMAL CLASSIFICATION NUMBER
Classification number 320.58
Item number CHA/FE
100 ## - MAIN ENTRY--AUTHOR NAME
Personal name Chandiwala, Brijkrishna .
245 ## - TITLE STATEMENT
Title Feet of bapu /
260 ## - PUBLICATION, DISTRIBUTION, ETC. (IMPRINT)
Place of publication :
Name of publisher navajivan pub ,
Year of publication 1954.
300 ## - PHYSICAL DESCRIPTION
Number of Pages 345 ; .
700 1# - ADDED ENTRY--PERSONAL NAME
Personal name Babu, Rajendra .
942 ## - ADDED ENTRY ELEMENTS (KOHA)
Koha item type Books
Holdings
Withdrawn status Lost status Damaged status Home library Current library Date acquired Full call number Accession Number Koha item type
Withdrawn   Damaged KAUAET KAUAET 07/04/2012 320.58 2416 Books
free website counter